Record de rubik's cube 3x3 - Statistiques

Statistiques générales
  • Ce quiz a été pris 54 fois
  • Le résultat moyen est 5 sur 35
Statistiques - réponses
Date Cuber Record % Correct
24/11/2018 Yusheng Du 3.47
98%
06/05/2018 Feliks Zemdegs 4.22
60%
11/12/2016 Feliks Zemdegs 4.73
38%
05/11/2016 Mats valk 4.74
38%
27/01/2018 Feliks Zemdegs 4.59
36%
28/10/2017 SeungBeom Cho 4.59
33%
21/11/2015 Lucas Etter 4.90
33%
02/09/2017 Patrick Ponce 4.69
31%
25/04/2015 Collin Burns 5.25
24%
02/03/2013 Mats Valk 5.55
24%
25/06/2011 Feliks Zemdegs 5.66
21%
05/06/1982 Minh Thai 22.95
14%
07/05/2011 Feliks Zemdegs 6.18
10%
12/07/2008 Erik Akkersdijk 7.08
10%
07/05/2011 Feliks Zemdegs 6.24
7%
13/11/2010 Feliks Zemdegs 7.03
7%
05/05/2008 Yu Nakajima 8.72
7%
29/01/2011 Feliks Zemdegs 6.65
5%
05/05/2008 Yu Nakajima 8.72
5%
04/08/2006 Toby Mao 10.48
2%
23/08/2003 Jess Bonde 16.53
2%
23/08/2003 Dan Knights 16.71
2%
23/02/2008 Edouard Chambon 9.18
2%
24/11/2007 Ron van Bruchem 9.55
2%
24/02/2007 Edouard Chambon 10.36
0%
14/01/2006 Leyan Lo 11.13
0%
16/10/2005 Jean Pons 11.75
0%
03/03/2004 Shotaro Makisumi 12.11
0%
03/03/2004 Shotaro Makisumi 13.93
0%
24/01/2004 Shotaro Makisumi 14.76
0%
24/01/2004 Shotaro Makisumi 15.07
0%
13/11/2010 Feliks Zemdegs 6.65
0%
13/11/2010 Feliks Zemdegs 6.77
0%
13/10/2007 Erik Akkersdijk 9.77
0%
05/05/2007 Thibaut Jacquinot 9.86
0%
Aucun quiz correspondant
Distribution des résultats
% des personnes avec chaque résultat
Percentile par nombre de réponses
Votre historique - résultats
Vous n’avez pas pris ce quiz